000
00261nam a22000977a 4500
005
20160722093935.0
008
160722b xxu||||| |||| 00| 0 eng d
245
_a
Journal of Spectral Theory
260
_a
Switzerland
_b
European Mathematical Society
942
_c
BK
_s
1
999
_c
86554
_d
86553